000 01164nam a2200241 i 4500
001 152834
003 ES-MaACL
005 20250719062536.0
008 051019s1877 fr |||| | fre d
100 1 _aBujon, Pierre.
_9126230
245 1 0 _aFondation de la Société Générale des Prisons /
_cpar P. Bujon.
260 _aParis :
_b[s.n.,
_cca. 1877] (
_fImp. Arnous de Rivière)
300 _a16 p. ;
_c21 cm.
500 _aExtrait de la Revue critique de legislation et de jurisprudence
594 _aEjemp. falto de port., datos tomados de la obra.
596 _aEn el texto consta la fecha de 1877.
610 2 4 _aSociété Générale des Prisons.
_9167516
852 _aES-MaACL
_jD-273(1)
_9158377
_bR.FOLL.12/1
_cSVI
_hDonación: Francisco Lastres y Juiz
_xEncuadernación holandesa
_xEncuadernado con otras obras formando un volumen facticio
_dOlim: 193-C-3
_fSello en tinta en verso de hoja de guarda del volumen: "Donativo del Sr. Lastres al Ateno de Madrid, 1907".
903 _aLastres y Juiz, Francisco,
_d1848-1918
_q1
_ednr
_970504
942 _2udc
_cFOLLETOS
999 _c152834
_d152834